[Event "URU-ch 83rd"]
[Site "Montevideo"]
[Date "2013.03.11"]
[Round "1"]
[White "Larrea, Manuel"]
[Black "Ruggiero, Alvaro"]
[Result "1-0"]
[WhiteElo "2266"]
[BlackElo "1983"]
[PlyCount "51"]
[EventDate "2013.03.11"]
[EventType "tourn"]
[EventRounds "11"]
[EventCountry "URU"]
[SourceTitle "CBM 153 Extra"]
[Source "ChessBase"]
[SourceDate "2013.04.22"]
[SourceVersion "1"]
[SourceVersionDate "2013.04.22"]
[SourceQuality "1"]

1. e4 c6 2. d4 d5 3. exd5 cxd5 4. c4 Nf6 5. Nc3 e6 6. Nf3 Nc6 7. a3 dxc4 8. Bxc4 Be7 9. 0-0 0-0 10. Re1 b6 11. Qd3 Bb7 12. Bb3 Rc8 13. Bg5 g6 14. Rad1 Na5 15. Ba2 Nc6 16. Bh6 Re8 17. d5 Nxd5 18. Nxd5 exd5 19. Bxd5 Na5 20. Rxe7 Qxd5 21. Rxe8+ Rxe8 22. Qxd5 Bxd5 23. Rxd5 Nc4 24. h4 Nxb2 25. Rd7 a5 26. Ng5 1-0

[Event "URU-ch sf"]
[Site "Montevideo"]
[Date "2013.02.11"]
[Round "7"]
[White "Ruggiero, Alvaro"]
[Black "Arrieta, Gonzalo"]
[Result "1-0"]
[WhiteElo "1966"]
[BlackElo "1872"]
[PlyCount "91"]
[EventDate "2013.02.08"]
[EventType "swiss"]
[EventRounds "9"]
[EventCountry "URU"]
[SourceTitle "EXT 2014"]
[Source "ChessBase"]
[SourceDate "2013.11.20"]
[SourceVersion "1"]
[SourceVersionDate "2013.11.20"]
[SourceQuality "1"]

1. e4 e5 2. Bc4 Nf6 3. d3 Bc5 4. Nf3 Nc6 5. c3 d6 6. 0-0 0-0 7. h3 a6 8. Bb3 Ba7 9. Re1 Ne7 10. Nbd2 Ng6 11. Nf1 Nh5 12. d4 Nhf4 13. dxe5 dxe5 14. Bxf4 exf4 15. Qxd8 Rxd8 16. Ng5 Ne5 17. Red1 Re8 18. Nh2 h6 19. Ngf3 Nxf3+ 20. Nxf3 Be6 21. Bc2 Rad8 22. b3 Bd7 23. Kf1 Bc6 24. Nd2 Rd6 25. Nc4 Rde6 26. f3 b5 27. Na5 Ba8 28. b4 Kh8 29. Rd7 f5 30. Re1 Bb6 31. e5 Rxe5 32. Rxe5 Rxe5 33. Rd8+ Kh7 34. Rxa8 Re3 35. Rd8 Rxc3 36. Bxf5+ g6 37. Rd7+ Kg8 38. Bxg6 Rc1+ 39. Ke2 Rg1 40. Bf5 Be3 41. Rxc7 Rxg2+ 42. Kd3 Rd2+ 43. Ke4 Rd4+ 44. Ke5 Rd8 45. Nc6 Re8+ 46. Kf6 1-0